000 00535nam a2200205 a 4500
999 _c10957
_d10957
001 10957
003 BD-JhCC
005 20190706115607.0
008 190706s1964 uk |||| |||| 000 0 eng d
035 _a(BD-JhCC)10957
040 _aBD-JhCC
_dBD-JhCC
041 _aeng
082 _a840
_bGIF 1964
100 _aGifford, Henry
245 _aThe novel in Russia :
_bfrom Pushkin to Pasternak /
_cHenry Gifford,
260 _aLondon :
_bHutchinson,
_c1964
300 _a208 p. :
_c19 cm.
650 _aNovel
_zRussia
942 _2ddc
_cBK